| 000 | 01561nam a22003015a 4500 | ||
|---|---|---|---|
| 003 | OSt | ||
| 005 | 20170325111918.0 | ||
| 008 | 170325s2013 ua a frbf 000 0 ara d | ||
| 015 | _a2013 / 7609 | ||
| 020 | _a9789770472675 | ||
| 040 |
_aEG-ScBUE _bara _cEG-ScBUE |
||
| 043 |
_af-ua--- _ae-fr--- |
||
| 082 | 0 | 4 |
_a346.048 _bأ ب و _222 |
| 100 | 1 | _aأبو النصر، ياسر عمر أمين. | |
| 245 | 1 | 2 |
_aالجامع الياسر في حق المؤلف وقانون سوق الفن في مصر وفرنسا / _cتأليف ياسر عمر أمين أبو النصر ؛ تقديم حسن عبد المنعم البدراوي، مها بخيت زكي. _b |
| 250 | _aط. 1. | ||
| 260 |
_aالقاهرة : _bدار النهضة العربية، _c2013. |
||
| 300 |
_aمج. 1 (957 ص.) : _bإيض. ؛ _c24 سم. |
||
| 504 | _aيشتنمل على إرجاعات ببليوجرافية. | ||
| 505 | 2 | _aمج. 1. دراسة تحليلية وتأصيلية للنظام القانوني للأعمال الفنية : مصنفات الفنون الجميلة والفن المعاصر في ضوء القانون المدني وقانون حق المؤلف. | |
| 650 | 7 |
_aحقوق التأليف والنشر _xقوانين وتشريعات _zمصر. _2BUEsh _941044 |
|
| 650 | 7 |
_aحقوق التأليف والنشر _xقوانين وتشريعات _zفرنسا. _2BUEsh |
|
| 651 | _2BUEsh | ||
| 653 |
_bLLAAWW _cMarch2017 |
||
| 700 | 1 |
_aبدراوي، حسن عبد المنعم، _eمقدم. |
|
| 700 | 1 |
_aزكي، مها بخيت، _eمقدم. |
|
| 942 | _2ddc | ||
| 999 |
_c24526 _d24498 |
||